Państwa kończące się na N - Statystyki

Ogólne statystyki
  • Ten quiz został rozwiązany 39 razy
  • Średni wynik to 15 z 21
Statystyki odpowiedzi
Państwo % Poprawnych
Pakistan
93%
Tadżykistan
93%
Afganistan
90%
Kirgistan
90%
Turkmenistan
90%
Kazachstan
87%
Uzbekistan
83%
Oman
77%
Iran
73%
Jemen
73%
Liban
73%
Bhutan
67%
Azerbejdżan
63%
Bahrajn
63%
Benin
60%
Sudan
60%
Watykan
57%
Tajwan
53%
Kamerun
50%
Liechtenstein
47%
Gabon
33%
Nie znaleziono quizów pasujących do podanych kryteriów
Rozkład punktacji
Procent ludzi z każdym wynikiem
Percentyl według liczby udzielonych odpowiedzi
Twoja historia wyników
Nie rozwiązałeś tego quizu